000 00829nam a22002777a 4500
001 BR9704698
003 BR-BrBNA
005 20230928095738.0
007 ta
008 230509b bl.||||| |||| 00| 0 por d
040 _aBR-BrBNA
_bpor
_cBiblioteca Nacional de Agricultura
041 _a(Por)
072 _aF30
_b0120
090 _ 0120 BR9704698
100 1 _aElias, H.T.
110 1 _aUniversidade Federal de Lavras, MG (Brasil)
_0Tese (Mestre em Agronomia)
245 1 _aComparacao de testadores na avaliacao de familias S2 de milho (Zea mays L.)
260 3 _aLavras, MG (Brasil):
_c1997.
300 _a61 p.
500 _a21 tables; Bibliography p. 50-55; Summaries (Eng, Por)
650 _aMilho
650 _aCruzamento Vegetal
650 _aProgenie
909 _a202309
_bLucia
_c55
_dLucia Elande
942 _cBK
999 _c58423
_d58423